[Event "Let's Play Chess!"]
[Site "http://www.queenalice.com/game.php?id=518719"]
[Date "2009.1.8"]
[Round "-"]
[White "amichc"]
[Black "CampbellMarcel"]
[Result "0-1"]
[WhiteElo "1669"]
[BlackElo "1767"]

1. e4 d5 2. exd5 Nf6 3. c4 e6 4. Nc3 exd5 5. d4 Bb4 6. Bd2 Qe7+ 7. Qe2 Be6 8.
Bg5 Bxc3+ 9. bxc3 dxc4 10. d5 Bxd5 11. Qxe7+ Kxe7 12. Rd1 c6 13. f3 Nd7 14. Nh3
h6 15. Bxf6+ Nxf6 16. Nf4 g5 17. Nxd5+ cxd5 18. g4 Kd6 19. Bxc4 Rae8+ 20. Kf2
Kc5 21. Bd3 Re5 22. Rhe1 Rhe8 23. a4 a5 24. Rxe5 Rxe5 25. Rb1 b6 26. Rb5+ Kc6
27. Kg3 Re3 28. Bf5 Rxc3 29. h4 Ne8 30. hxg5 hxg5 31. Rb2 Nd6 32. Re2 Nxf5+ 33.
gxf5 Ra3 34. Kg4 f6 35. Re6+ Kc5 36. Rxf6 Rxa4+ 37. Kxg5 d4 38. Rg6 d3 39. f6
Kd6 40. f7+ Ke7 41. Rf6 Kf8 42. Kg6 Rd4 43. Re6 Rd8 44. Rxb6 d2 0-1

[Event "Let's Play Chess!"]
[Site "http://www.queenalice.com/game.php?id=879981"]
[Date "2011.1.2"]
[Round "-"]
[White "AFA1961"]
[Black "amichc"]
[Result "1-0"]
[WhiteElo "2206"]
[BlackElo "1699"]

1. e4 c5 2. Nf3 d6 3. Nc3 Nf6 4. Bb5+ Bd7 5. Bxd7+ Nbxd7 6. O-O e6 7. d3 h6 8.
a4 Be7 9. Bf4 O-O 10. a5 a6 11. Re1 e5 12. Be3 b6 13. axb6 Nxb6 14. Bd2 c4 15.
Be3 cxd3 16. Qxd3 a5 17. Nh4 Ng4 18. Nf5 Nc8 19. Red1 Nxe3 20. Nxe3 Nb6 21. Nf5
Qd7 22. Qb5 Qd8 23. Nxe7+ Qxe7 24. Qxb6 Rfb8 25. Qc6 Rd8 26. Nd5 Qg5 27. Nb6 1-0

[Event "Let's Play Chess!"]
[Site "http://www.queenalice.com/game.php?id=882373"]
[Date "2011.1.7"]
[Round "-"]
[White "elche"]
[Black "amichc"]
[Result "0-1"]
[WhiteElo "1780"]
[BlackElo "1697"]

1. e4 c5 2. Nc3 Nc6 3. g3 g6 4. Bg2 Bg7 5. Nge2 e6 6. f4 Nge7 7. d3 d5 8. exd5
exd5 9. O-O Bg4 10. h3 Bxe2 11. Qxe2 O-O 12. Kh2 d4 13. Ne4 b6 14. Rb1 Re8 15.
Qd2 Nf5 16. Qf2 h5 17. Nxc5 h4 18. g4 bxc5 19. Bxc6 Ne3 20. Bxa8 Nxf1+ 21. Qxf1
Qxa8 22. Bd2 Qb8 23. Re1 Rxe1 24. Qxe1 g5 25. b3 gxf4 26. Qxh4 f3+ 27. Kg1 Qe8
28. Qf2 Qc6 29. Qh4 f6 30. Kf2 Qd6 31. Kxf3 Qh2 32. Bh6 Qxc2 33. Bxg7 Kxg7 34.
Ke4 Qe2+ 35. Kd5 Qxd3 36. Kxc5 Qc3+ 37. Kd5 d3 38. Qe1 Qe5+ 0-1

[Event "Back after a long hiatus!"]
[Site "http://www.queenalice.com/game.php?id=883442"]
[Date "2011.1.9"]
[Round "-"]
[White "rdaigle2003"]
[Black "amichc"]
[Result "0-1"]
[WhiteElo "1757"]
[BlackElo "1746"]

1. e4 c5 2. Nf3 Nc6 3. d4 cxd4 4. Nxd4 Nf6 5. Nxc6 dxc6 6. e5 Nd5 7. Bc4 e6 8.
b3 Be7 9. Bb2 O-O 10. Qh5 g6 11. Qh6 Bg5 12. Qh3 b5 13. Bxd5 cxd5 14. Nc3 Qc7
15. O-O b4 16. Qg3 Be7 17. Nb5 Qxc2 0-1

[Event "Challenge"]
[Site "http://www.queenalice.com/game.php?id=887302"]
[Date "2011.1.17"]
[Round "-"]
[White "ORNELAS"]
[Black "amichc"]
[Result "0-1"]
[WhiteElo "1655"]
[BlackElo "1718"]

1. b3 d5 2. Ba3 g6 3. d4 Bg7 4. Nf3 Nc6 5. c3 Nf6 6. Ng5 a5 7. Nxf7 Kxf7 8. g3
Re8 9. Nd2 Kg8 10. Bg2 e5 11. O-O e4 12. e3 b5 13. b4 axb4 14. Bxb4 Nxb4 15.
cxb4 Qd6 16. a3 Bf5 17. Nb3 Qd7 18. Nc5 Qc8 19. Qc2 Bh3 20. a4 Bxg2 21. Kxg2 c6
22. axb5 Rxa1 23. b6 Rxf1 24. b7 Qg4 25. Kxf1 Qh3+ 26. Kg1 Ng4 27. f4 exf3 28.
Nd3 Nxe3 29. Qf2 Bxd4 30. Kh1 Ng4 31. b8=Q Rxb8 32. Qa2 Qf1# 0-1

[Event "Challenge"]
[Site "http://www.queenalice.com/game.php?id=888445"]
[Date "2011.1.20"]
[Round "-"]
[White "ORNELAS"]
[Black "amichc"]
[Result "0-1"]
[WhiteElo "1659"]
[BlackElo "1731"]

1. b3 e5 2. d4 exd4 3. Qxd4 Nc6 4. Qe4+ Be7 5. Bg5 f6 6. Bf4 d5 7. Qf3 Bf5 8.
Qg3 g5 9. Bxc7 Qd7 10. Bf4 gxf4 11. Qg7 Bxc2 12. Qxh8 Bb4+ 13. Nd2 O-O-O 14. a3
Bxd2+ 15. Kxd2 Bf5 16. f3 Ne5 17. Rc1+ Kb8 18. e4 Be6 19. Ke1 Ng6 20. Bb5 Qe7
21. exd5 Bxd5+ 22. Kd2 Qe3+ 23. Kc2 Rc8+ 24. Kb2 Qxb3+ 25. Ka1 Rxc1# 0-1

[Event "Challenge"]
[Site "http://www.queenalice.com/game.php?id=897206"]
[Date "2011.2.7"]
[Round "-"]
[White "amichc"]
[Black "APSHOOTER"]
[Result "1-0"]
[WhiteElo "1766"]
[BlackElo "1669"]

1. e4 d5 2. exd5 Qxd5 3. Nc3 Qe5+ 4. Nge2 Nf6 5. d4 Qe6 6. Be3 a6 7. d5 Qd7 8.
Nd4 Nxd5 9. Nxd5 Qxd5 10. b3 e6 11. a3 Bc5 12. c4 Qd6 13. Qg4 Qf8 14. Be2 Bd7
15. Qe4 Nc6 16. Nf5 Bxe3 17. Nxe3 Qe7 18. O-O O-O 19. Bd3 g6 20. b4 f5 21. Qf3
e5 22. Nd5 Qd8 23. Bc2 e4 24. Qc3 Be6 25. Bb3 Ne7 26. Nf6+ Kf7 27. Rad1 Qc8 28.
Nxh7 Ng8 29. Ng5+ Ke8 30. Qe5 Rf6 31. c5 a5 32. Bxe6 Rxe6 33. Nxe6 Ra6 34. Nxc7+
Kf8 35. Rd8+ Qxd8 36. Nxa6 bxa6 37. c6 Qg5 38. c7 Ne7 39. Qh8+ Kf7 40. c8=Q Nxc8
41. Qxc8 Kg7 42. Qc7+ Kh6 43. Qc8 Kh7 44. Rd1 Qf6 45. Rd7+ Kh6 46. Qc1+ f4 47.
Rd2 axb4 48. axb4 Qe5 49. Qe1 a5 50. bxa5 Qxa5 51. f3 e3 52. Qh4+ Qh5 53. Qxh5+
Kxh5 54. Rd5+ g5 55. g4+ fxg3 56. hxg3 Kg6 57. Kf1 e2+ 58. Kxe2 1-0

[Event "Era uma vez..."]
[Site "http://www.queenalice.com/game.php?id=898788"]
[Date "2011.2.11"]
[Round "-"]
[White "Amethystium"]
[Black "amichc"]
[Result "0-1"]
[WhiteElo "1870"]
[BlackElo "1778"]

1. e4 c5 2. Nf3 d6 3. d4 cxd4 4. Nxd4 Nf6 5. Nc3 Nc6 6. Be2 e5 7. Nb3 Be7 8. O-O
O-O 9. Be3 a5 10. a4 Nb4 11. f4 Be6 12. Nc1 Qc8 13. f5 Bc4 14. Nd3 Bxd3 15. cxd3
d5 16. Bf2 dxe4 17. dxe4 Rd8 18. Qb3 Bc5 19. Bc4 Bxf2+ 20. Rxf2 Rd7 21. h3 Nd3
22. Rd2 Nc5 0-1

[Event "Let's Play Chess!"]
[Site "http://www.queenalice.com/game.php?id=899961"]
[Date "2011.2.13"]
[Round "-"]
[White "amichc"]
[Black "twmoore"]
[Result "1-0"]
[WhiteElo "1809"]
[BlackElo "1559"]

1. d4 d5 2. Nf3 Nc6 3. Bf4 Nf6 4. Nc3 Bf5 5. e3 e6 6. Bd3 Bxd3 7. Qxd3 a6 8. O-O
Nb4 9. Qe2 Bd6 10. Ne5 Bxe5 11. Bxe5 O-O 12. f4 Nc6 13. Bxf6 Qxf6 14. a3 b5 15.
b4 Ne7 16. a4 Nc6 17. axb5 Nxb4 18. bxa6 Rfc8 19. a7 c6 20. Ra4 Qe7 21. Rb1 Nxc2
22. Qxc2 Rxa7 23. Rxa7 Qxa7 24. Na4 g6 25. Nc5 Rb8 26. Rxb8+ Qxb8 27. Nd7 Qd8
28. Ne5 Qa5 29. Kf2 Qd8 30. g3 Qa8 31. Nxc6 Kg7 32. Ne5 h5 33. h4 Qb8 34. Kf3
Qe8 35. g4 hxg4+ 36. Nxg4 f5 37. Qc7+ 1-0

[Event "Let's Play Chess!"]
[Site "http://www.queenalice.com/game.php?id=900970"]
[Date "2011.2.15"]
[Round "-"]
[White "amichc"]
[Black "pcescritor"]
[Result "1-0"]
[WhiteElo "1798"]
[BlackElo "1778"]

1. e4 e6 2. d4 d6 3. Nc3 Nf6 4. Nf3 Nc6 5. Bc4 Qe7 6. O-O b6 7. d5 Ne5 8. Nxe5
dxe5 9. Bg5 h6 10. Bxf6 Qxf6 11. dxe6 Bxe6 12. Bb5+ Bd7 13. Qxd7# 1-0

[Event "Challenge"]
[Site "http://www.queenalice.com/game.php?id=901271"]
[Date "2011.2.16"]
[Round "-"]
[White "ORNELAS"]
[Black "amichc"]
[Result "1-0"]
[WhiteElo "1587"]
[BlackElo "1813"]

1. b3 d5 2. Ba3 g6 3. d4 Bg7 4. g3 Nc6 5. c3 Nf6 6. Bg2 O-O 7. Nf3 Re8 8. Nbd2
e5 9. dxe5 Nxe5 10. Nxe5 Rxe5 11. O-O c6 12. Nf3 Re8 13. Ng5 Ne4 14. Bb2 Nxg5
15. Rc1 Bh6 16. e3 Ne4 17. Qd4 Bg7 18. Qb4 a5 19. Qa3 Bf8 20. Qa4 c5 21. c4 Bd7
22. Qa3 b5 23. Ba1 bxc4 24. bxc4 Nd2 25. Rfd1 Nxc4 26. Qc3 Bg7 27. Qxg7# 1-0

[Event "Challenge"]
[Site "http://www.queenalice.com/game.php?id=902625"]
[Date "2011.2.19"]
[Round "-"]
[White "ORNELAS"]
[Black "amichc"]
[Result "0-1"]
[WhiteElo "1649"]
[BlackElo "1788"]

1. e4 c5 2. Bc4 e6 3. e5 Nc6 4. Nf3 d6 5. O-O dxe5 6. Nxe5 Nxe5 7. Bb5+ Bd7 8.
Bxd7+ Qxd7 9. Qh5 Bd6 10. Qg5 f6 11. Qh5+ Nf7 12. Qg4 Ne5 13. Qh5+ g6 14. Qe2
Ne7 15. d3 Nf5 16. Nc3 Qc6 17. Ne4 O-O 18. Bf4 Nd4 19. Qd2 Nef3+ 20. gxf3 Nxf3+
21. Kg2 Nxd2 22. Rfe1 Bxf4 23. Kg1 Nf3+ 24. Kf1 Nxe1 25. Rxe1 Bxh2 26. c4 f5 27.
Ng5 Rae8 28. Ke2 Qg2 29. Nf3 Qg4 30. Ke3 e5 31. Nxh2 Qf4+ 32. Ke2 e4 33. dxe4
Rxe4+ 34. Kd3 Qd6+ 35. Kc3 Qd4+ 36. Kc2 Qxf2+ 37. Kb3 Qxe1 38. a3 Qe3+ 39. Ka2
Rxc4 40. Nf1 Qe6 41. Nd2 Rc1+ 42. Nb3 Rd8 43. a4 Rd3 0-1

[Event "Challenge"]
[Site "http://www.queenalice.com/game.php?id=904408"]
[Date "2011.2.23"]
[Round "-"]
[White "ORNELAS"]
[Black "amichc"]
[Result "0-1"]
[WhiteElo "1620"]
[BlackElo "1798"]

1. e4 e5 2. Bc4 Nf6 3. d3 Nc6 4. c3 Be7 5. Nf3 d5 6. exd5 Nxd5 7. Bb5 Bf6 8. c4
Nf4 9. Bxf4 exf4 10. O-O Bxb2 11. Qe2+ Be6 12. Nbd2 Bxa1 13. Rxa1 O-O 14. Ne4
Nd4 15. Nxd4 Qxd4 16. Rf1 c6 17. Ba4 Rfe8 18. Ng5 Bxc4 19. Qh5 Qxd3 20. Rd1 h6
0-1

[Event "Let's Play Chess!"]
[Site "http://www.queenalice.com/game.php?id=921612"]
[Date "2011.4.4"]
[Round "-"]
[White "Giant"]
[Black "amichc"]
[Result "1-0"]
[WhiteElo "2333"]
[BlackElo "1834"]

1. e4 c5 2. Nf3 d6 3. d4 cxd4 4. Nxd4 Nf6 5. Nc3 e6 6. Bg5 Be7 7. h4 h6 8. Be3
Nc6 9. Be2 O-O 10. Qd2 d5 11. exd5 exd5 12. O-O-O Bb4 13. Nxc6 bxc6 14. f3 Bxc3
15. Qxc3 Qd6 16. g4 Nd7 17. h5 c5 18. Qa3 Re8 19. Bb5 a6 20. Rhe1 d4 21. Rxd4
Qc7 22. Rdd1 axb5 23. Qxa8 Nb6 24. Qa5 Qc6 25. b3 Be6 26. Qc3 c4 27. Bxb6 Qxb6
28. Qb4 cxb3 29. axb3 Rc8 30. Rd6 Qf2 31. Qd2 Qxf3 32. g5 Bxb3 33. Rd8+ 1-0

[Event "Challenge"]
[Site "http://www.queenalice.com/game.php?id=926901"]
[Date "2011.4.17"]
[Round "-"]
[White "ORNELAS"]
[Black "amichc"]
[Result "0-1"]
[WhiteElo "1647"]
[BlackElo "1815"]

1. e4 c5 2. b3 Nc6 3. a3 g6 4. c3 d6 5. d3 Nf6 6. Bg5 Bg7 7. Nf3 d5 8. e5 Ng4 9.
d4 h6 10. Bf4 h5 11. Nh4 e6 12. Be2 cxd4 13. cxd4 O-O 14. Bxg4 hxg4 15. Qxg4
Nxd4 0-1

[Event "Challenge"]
[Site "http://www.queenalice.com/game.php?id=927835"]
[Date "2011.4.19"]
[Round "-"]
[White "ORNELAS"]
[Black "amichc"]
[Result "0-1"]
[WhiteElo "1667"]
[BlackElo "1824"]

1. e4 e5 2. c3 Nf6 3. d3 d5 4. Bg5 Be6 5. Be2 Be7 6. Nf3 Nc6 7. exd5 Bxd5 8.
Nbd2 h6 9. Bxf6 Bxf6 10. O-O O-O 11. a3 a5 12. c4 Bxf3 13. Nxf3 Nd4 14. Nxe5
Bxe5 15. Bg4 f5 16. Bh5 Qg5 17. g3 f4 18. Rb1 fxg3 19. hxg3 Ne6 20. Bf3 Nf4 21.
Bg2 Nxg2 22. Kxg2 c5 23. Qe2 Rae8 24. Qe4 Bxg3 25. Qd5+ Qxd5+ 26. Kxg3 Qg5+ 27.
Kh2 Rf4 28. Rg1 Rh4# 0-1